Ukazateľ inostrannych standartov. Stroiteľstvo i strojmaterialy.
Uložené v:
| Ďalší autori: | |
|---|---|
| Médium: | Kniha |
| Jazyk: | Slovak |
| Vydané: |
1966.
|
| Tagy: |
Pridať tag
Žiadne tagy, Buďte prvý kto otaguje tento záznam!
|
Titul je dostupný aj v ... 

MARC
| LEADER | 00000nam a22000004a 4500 | ||
|---|---|---|---|
| 001 | 000528262 | ||
| 005 | 20161128120215.0 | ||
| 008 | 161128s1966 xo e 000 0 slo d | ||
| 040 | |a SVKKK |b slo |c SVKKK |e AACR2 | ||
| 245 | 1 | 0 | |a Ukazateľ inostrannych standartov. Stroiteľstvo i strojmaterialy. |
| 260 | |c 1966. | ||
| 500 | |a Záznam revízie | ||
| 700 | 1 | |a Zinovejev, I. M. | |
| 910 | |a svkkk | ||
| 998 | |a BK | ||
| 090 | |g SCKHL |k Sklad |a X0.6885 |j 030464 |i 528262-10 |4 Zastaraná |s Vyradená | ||